000 00546nam a2200169 i 4500
001 47787
003 ES-MaACL
005 20230906161630.0
007 t|
008 030527q1850 fr ||||1| fre d
245 0 0 _aFrédéric-Guillaume :
_broi de Prusse.
260 _a[Paris :
_bs.n.,
_cca. 1850] (
_fCh. Lahure)
300 _a36 p., [1] h. lám. ;
_c17 cm.
597 _aEjemplar falto de cub. original y de port.
600 0 4 _aFederico Guillermo
_bIV
_cRey de Prusia.
_9158075
852 4 _aES-MaACL
_jT-28-F-6
_z- Enc. en un vol. facticio
999 _c47787
_d47787